Vander's Human Physiology (The Mechanisms of Body Function) (Record no. 35237)

MARC details
000 -LEADER
fixed length control field 00417nam a2200157Ia 4500
008 - FIXED-LENGTH DATA ELEMENTS--GENERAL INFORMATION
fixed length control field 230524s9999 xx 000 0 und d
082 ## - DEWEY DECIMAL CLASSIFICATION NUMBER
Classification number 612
Item number WID
100 ## - MAIN ENTRY--AUTHOR NAME
Personal name Widmaier Raff Strang
245 #0 - TITLE STATEMENT
Title Vander's Human Physiology (The Mechanisms of Body Function)
250 ## - EDITION STATEMENT
Edition statement 10TH
260 ## - PUBLICATION, DISTRIBUTION, ETC. (IMPRINT)
Place of publication NEW DELHI
Name of publisher MGH
Year of publication 2006
300 ## - PHYSICAL DESCRIPTION
Number of Pages XXI;801
500 ## - GENERAL NOTE
General note Quantity Number: 1
650 ## - SUBJECT ADDED ENTRY--TOPICAL TERM
Topical Term Biomedical
942 ## - ADDED ENTRY ELEMENTS (KOHA)
Koha item type Books
Holdings
Lost status Damaged status Permanent Location Current Location Shelving location Date acquired Full call number Accession Number Koha item type
    Central Library, Trident Academy of Technology Central Library, Trident Academy of Technology General Stacks 05/24/2023 612 WID 10759 Books
Trident Academy of Technology © 2023.
All rights reserved.                                                                                                                                                                                                        Designed by Team of Central Library .

Powered by Koha